01461cam a2200385 a 4500001001400000003000800014005001700022006001900039007001500058008004100073020003800114040003000152049002600182050001000208082001400218245009700232260003200329300005000361490003400411520020600445521001700651588004700668504004100715650002100756650001100777655002900788700002300817700002400840710001600864776003500880830003500915856009000950942001601040999001901056EDZ0000117213StDuBDS20161031105149.0m||||||||d||||||||cr |||||||||||130111s2012 caua fo| 0|0|0|eng|d a9781446262610 (ebook) :cNo price aStDuBDSbengcStDuBDSepn aAlfaisal Main Library 4aQP36004a612.822300aNeuropsychologyh[electronic resource] /cedited by Alastair D. Smith and Chris J.A. Moulin. aLos Angeles :bSAGE,c2012. a1 online resource (6 v.) :bill. (some col.).1 aSAGE benchmarks in psychology8 aThis six-volume collection provides a set of original sources that have proved to be popular, influential and enduring, and explicitly integrates modern neuroscience into neuropsychological endeavours. aSpecialized. aDescription based on print version record. aIncludes bibliographical references. 0aNeuropsychology. 0aBrain. 7aElectronic books.2local1 aSmith, Alastair D.1 aMoulin, Chris J. A.2 aSage eBooks08iPrint version :z9780857022677 0aSAGE benchmarks in psychology.40uhttp://ezproxy.alfaisal.edu/login?url=http://sk.sagepub.com/navigator/neuropsychology 2lcccEBOOKS c480739d480739